|
|
|
|
| LEADER |
00000nam a2200000 a 4500 |
| 001 |
vtls001274766 |
| 003 |
SK-MaSNL |
| 005 |
20260301004057.0 |
| 008 |
251113s1996 xo ai y 0 slo |
| 015 |
|
|
|a SNBE1997/0200568
|
| 035 |
|
|
|a SNK000225954
|
| 040 |
|
|
|a SNK
|b slo
|c SNK
|e AACR2
|
| 041 |
0 |
|
|a slo
|
| 044 |
|
|
|a xo
|c SK
|
| 080 |
|
|
|a 311.313(437.645)(083.9)"1995"
|2 1981
|
| 110 |
0 |
|
|a Slovenská republika
|b Štatistický úrad
|b Krajská správa Žilina
|b Pracovisko Čadca
|4 aut
|9 286364
|
| 245 |
1 |
|
|a Vybrané ukazovatele za novovzniknutý okres Kysucké Nové Mesto k 31.12.1995
|
| 260 |
|
|
|a Čadca
|b Štatistický úrad SR - Krajská správa
|c 1996
|
| 300 |
|
|
|a [21] s.
|b grafy, tab.
|c 21 cm
|
| 490 |
1 |
|
|a Štatistické informácie. Mestská a obecná štatistika
|v 12/96
|
| 500 |
|
|
|a 34 výt.
|
| 610 |
0 |
7 |
|a Slovenská republika
|e Štatistický úrad
|e Krajská správa Žilina
|e Pracovisko Čadca
|y 1995
|x spravodaje štatistické
|2 SNK
|9 286365
|
| 611 |
1 |
7 |
|a Slovenská republika
|e Štatistický úrad
|e Krajská správa Žilina
|e Pracovisko Čadca
|y 1995
|x spravodaje štatistické
|2 SNK
|9 286366
|
| 651 |
|
7 |
|a 5302
|2 SNK
|9 286367
|
| 651 |
|
7 |
|a Kysucké Nové Mesto (Slovensko : okres)
|2 SNK
|9 31400
|
| 655 |
|
7 |
|a informačné publikácie
|2 SNK
|9 70181
|
| 830 |
|
0 |
|a Štatistické informácie. Mestská a obecná štatistika
|9 286368
|
| 958 |
|
|
|a TL
|
| 958 |
|
|
|a BQ
|
| 999 |
|
|
|c 541132
|d 543062
|
| 952 |
|
|
|t P60, <03>, [BOOK], {603}
|a SNK
|b SNK
|y PREZ
|7 0
|p 17A0036619
|o snkOSD 7876
|i snkKSP 1145/97
|0 0
|1 0
|4 0
|d 1997-02-11
|l 0
|r 2005-01-02 00:00:00
|w 2026-02-23
|